Pokémon Trivia - Poison Type - Statistics

General Stats
  • This quiz has been taken 15 times
  • The average score is 6 of 10
Answer Stats
Question Answer % Correct
What is Poison type super effective against? Grass, Fairy
100%
Which generation introduced the least amount of Poison Pokémon? Generation 6
75%
What is the most common type combination with Poison type? Grass
75%
Which of these is true about the Poison type? It was the most common type in a Pokémon generation
75%
Which of these methods is not used by a Poison type Pokémon to evolve? Dusk Stone
50%
What is the strongest Poison type move with a set power level? (Non Z-moves) Gunk Shot
50%
Stench is an ability that is only available on Poison type Pokémon. What effect does it have. It gives the user a chance to flinch the foe
50%
There is only one damaging move that can cause a toxic status on the opposing Pokémon. What is it? Poison Fang
50%
Which types resist Poison? Poison, Rock, Ground, Ghost
50%
Which item powers up Poison type moves? Poison Barb
25%
No matching quizzes found
Score Distribution
Percent of People with Each Score
Percentile by Number Answered
Your Score History
You have not taken this quiz